000
00298cam a22001097a 4500
008
180718b1950 xxu||||| |||| 00| 0 eng d
082
_a
I54803x54 H995
245
_a
The journalism and press act
260
_a
Hyderabad
_b
Hyderabad govt. press
_c
1950
300
_a
28+p
440
_a
No. 12 of 1357 fasli
999
_c
398203
_d
398203